Razón y revolución (Registro nro. 97477)

Detalles MARC
000 -LEADER
campo de control de longitud fija 00690nam a2200205 i 4500
001 - NÚMERO DE CONTROL
campo de control 97477
003 - IDENTIFICADOR DE NÚMERO DE CONTROL
campo de control ES-MaACL
005 - FECHA Y HORA DE LA ÚLTIMA TRANSACCIÓN
campo de control 20250804062541.0
007 - CAMPO FIJO DE DESCRIPCIÓN FÍSICA--INFORMACIÓN GENERAL
campo de control de longitud fija t|
008 - DATOS DE LONGITUD FIJA--INFORMACIÓN GENERAL
campo de control de longitud fija 050712s1971 sp ||||1| spa d
100 0# - ENTRADA PRINCIPAL--NOMBRE DE PERSONA
Nombre de persona Marcuse, Herbert,
Fechas asociadas al nombre 1898-1979
9 (RLIN) 76559
245 10 - MENCIÓN DEL TÍTULO
Título Razón y revolución
Resto del título : Hegel y el surgimiento de la teoría social /
Mención de responsabilidad, etc. Herbert Marcuse; [traductor Julieta Fombona de Sucre].
260 ## - PUBLICACIÓN, DISTRIBUCIÓN, ETC.
Lugar de publicación, distribución, etc. Madrid :
Nombre del editor, distribuidor, etc. Alianza,
Fecha de publicación, distribución, etc. 1971.
300 ## - DESCRIPCIÓN FÍSICA
Extensión 444 p. ;
Dimensiones 18 cm.
490 1# - MENCIÓN DE SERIE
Mención de serie El libro de bolsillo ;
Designación de volumen o secuencia 292
700 1# - ENTRADA AGREGADA--NOMBRE PERSONAL
Nombre de persona Fombona, Julieta.
9 (RLIN) 51481
830 03 - PUNTO DE ACCESO ADICIONAL DE SERIE-TÍTULO UNIFORME
Título uniforme El libro de bolsillo
Designación de volumen o secuencia 292
9 (RLIN) 177802
852 ## - LOCALIZACIÓN
Ubicación ES-MaACL
Número de control de estantería C-44335
Sublocalización o colección R.76558
Existencias
Estatus retirado Estado de pérdida Estado de daño No para préstamo Biblioteca de origen Biblioteca actual Ubicación en estantería Fecha de adquisición Fuente de adquisición Total de préstamos Signatura topográfica completa Código de barras Visto por última vez Precio de reemplazo Tipo de ítem Koha
        Biblioteca del Ateneo de Madrid Biblioteca del Ateneo de Madrid Depósito 2 17/01/2008     C-44335 1101760 23/02/2023 23/02/2023 Libro impreso